| 000 | 00593nam a2200193 a 4500 | ||
|---|---|---|---|
| 001 | 000018519 | ||
| 005 | 20200929165822.0 | ||
| 008 | 100511s1969 mx r 000 j spa d | ||
| 040 |
_aDO-SdBNP _bspa _cBNPHU |
||
| 082 |
_aMX863.64 _bT779o |
||
| 100 | 1 |
_aTraven, B. _940052 |
|
| 245 | 1 | 0 |
_aObras escogidas / _cB. Traven ; prólogo Luis Suárez. |
| 260 |
_aMéxico : _bTolle Lege, _c1969. |
||
| 300 |
_aT. 1 ; _c18 cm. |
||
| 490 | 1 | _aBiblioteca de Autores Modernos | |
| 650 | 4 |
_aCuentos mexicanos _911371 |
|
| 650 | 4 |
_aLiteratura mexicana _91922 |
|
| 830 | 0 |
_aBiblioteca de Autores Modernos _923912 |
|
| 999 |
_c18039 _d18039 |
||